LIBRARY & INFORMATION CENTRE, KCAET, TAVANUR

ONLINE PUBLIC ACCESS CATALOGUE (OPAC)

Comprehensive Statistical Methods (Record no. 13810)

MARC details
000 -LEADER
fixed length control field 00357nam a22001457a 4500
020 ## - INTERNATIONAL STANDARD BOOK NUMBER
ISBN 9788121927765
082 ## - DEWEY DECIMAL CLASSIFICATION NUMBER
Classification number 519.5
Item number ARO/CO
100 ## - MAIN ENTRY--AUTHOR NAME
Personal name Arora, P.N
100 ## - MAIN ENTRY--AUTHOR NAME
Personal name Sumeet Arora
100 ## - MAIN ENTRY--AUTHOR NAME
Personal name Arora, S
245 ## - TITLE STATEMENT
Title Comprehensive Statistical Methods
250 ## - EDITION STATEMENT
Edition statement 3rd rev ed.
260 ## - PUBLICATION, DISTRIBUTION, ETC. (IMPRINT)
Place of publication New Delhi
Name of publisher S.Chand &Co
Year of publication 2010
942 ## - ADDED ENTRY ELEMENTS (KOHA)
Koha item type Book Bank scheme for SC students
Holdings
Withdrawn status Lost status Damaged status Collection code Home library Current library Shelving location Date acquired Source of acquisition Cost, normal purchase price Full call number Accession Number Koha item type
      Non-fiction KAUAET KAUAET Scheme 25/03/2012 Penta book Distributors 550.00 519.5 ARO/CO BB 194 Book Bank scheme for SC students
      Non-fiction KAUAET KAUAET Scheme 25/03/2012 Penta book Distributors 550.00 519.5 ARO/CO BB 195 Book Bank scheme for SC students
free website counter